Administración de operaciones : (Registro nro. 18801)
[ vista simple ]
| 000 -Cabecera | |
|---|---|
| Campo de control interno | 01078nam a2200229Ia 4500 |
| 005 - Fecha y hora del registro | |
| control field | 20260401152211.0 |
| 008 - Elementos de Longitud Fija | |
| fixed length control field | 260306s9999||||xx |||||||||||||| ||und|| |
| 041 ## - Idioma | |
| Codigo Idioma | ESP |
| 082 ## - DEWEY y NOTACIÓN INTERNA | |
| Dewey | 658.5 |
| Notación Interna | J13A |
| 100 ## - AUTOR | |
| Autor denominación | Jacobs, F. Robert, |
| Término de relación | autor |
| 245 #0 - TÍTULO DE MATERIAL BIBLIOGRÁFICO | |
| Título | Administración de operaciones : |
| Título paralelo | producción y cadena de suministros |
| 260 ## - CIUDAD, EDITORIAL, AÑO | |
| Año | 2022 |
| 300 ## - DESCRIPCIÓN | |
| N° Páginas | 726 páginas : |
| Dimensiones | 27 cm. |
| 650 ## - TEMAS | |
| Temas | Generalidades |
| 654 ## - PROGRAMAS | |
| Programa | Dpto. de Administración de Negocios |
| 856 ## - URL - UBICACIÓN | |
| URI/URL: Enlace exacto del recurso | <a href="https://0u213uy20-y-https-ebooks7--24-com.itmsp.museknowledge.com/?il=20757&pg=s9ml/chapter01/half_title.xhtml#data-uuid-fbc2496bcdb94298b97962f01daaede1">https://0u213uy20-y-https-ebooks7--24-com.itmsp.museknowledge.com/?il=20757&pg=s9ml/chapter01/half_title.xhtml#data-uuid-fbc2496bcdb94298b97962f01daaede1</a> |
| Nota pública: Versión digital | <a href="Versión digital">Versión digital</a> |
| 856 ## - URL - UBICACIÓN | |
| URI/URL: Enlace exacto del recurso | <a href="https://0u213uy2j-y-https-ebooks7--24-com.itmsp.museknowledge.com/biblioteca.aspx">https://0u213uy2j-y-https-ebooks7--24-com.itmsp.museknowledge.com/biblioteca.aspx</a> |
| Nota pública: Versión digital | <a href="Véase además: Base de datos Ebook7-24">Véase además: Base de datos Ebook7-24</a> |
| 856 ## - URL - UBICACIÓN | |
| URI/URL: Enlace exacto del recurso | <a href="https://0u20fuy2s-y-https-research-ebsco-com.itmsp.museknowledge.com/c/qxo6us/search">https://0u20fuy2s-y-https-research-ebsco-com.itmsp.museknowledge.com/c/qxo6us/search</a> |
| Nota pública: Versión digital | <a href="Véase además: Base de datos EBSCOhost">Véase además: Base de datos EBSCOhost</a> |
| 856 ## - URL - UBICACIÓN | |
| URI/URL: Enlace exacto del recurso | <a href="https://0u21duy37-y-https-ebooks-editorialmacro-com.itmsp.museknowledge.com/library">https://0u21duy37-y-https-ebooks-editorialmacro-com.itmsp.museknowledge.com/library</a> |
| Nota pública: Versión digital | <a href="Véase además: Base de datos Macro Digital">Véase además: Base de datos Macro Digital</a> |
| 942 ## - ELEMENTOS DE KOHA | |
| Tipo de documento | Libro |
| Nombre del creador | Justo Noguera |
| Código de catalogador | Justo Noguera |
| Esquema de clasificación | Dewey Decimal Classification |
| Codigo completo | Registro | Colección | Copia número | Disponibilidad | Tipo de préstamo | Biblioteca Actual | Procedencia (Biblioteca) | Ubicacón | Fecha Ingreso | Tipo de Adquisición | Date last seen | Total checkouts | Price effective from | Tipo de Item | Estado del Material | Fuente de Clasificación | Damaged status | Withdrawn status |
|---|---|---|---|---|---|---|---|---|---|---|---|---|---|---|---|---|---|---|
| 658.5 J13A | 1080305 | Universidad Católica San Pablo | 1 | Disponible | Disponible | Víctor Andrés Belaunde | Víctor Andrés Belaunde | Primer piso | 03/06/2026 | Compra | 06/03/2026 | 06/03/2026 | Libro | Bueno | Dewey Decimal Classification |




